000 00723nam a2200241Ia 4500
003 OSt
005 20220926015025.0
006 a|||||r|||| 00| 0
007 ta
008 220923b |||||||| |||| 00| 0 eng d
020 _a814904670
037 _cGeneral Book
040 _aRTL
_cRTL
_beng
041 _2eng
_aeng
082 _aX9(J:24):655.20k73.N6, L0
100 _aKapoor Ashok
_9248089
245 0 _aInternational business negotiaitons
_b A study in In
260 _aNew York
_bNew University Pres USA
_c1970
300 _axxiii, 361p. Bib p. 345-52
_ccm.
650 _aSoil Industry
942 _hX9(J:24):655.20k73.N6, L0
_cGB
_2CC
999 _c630409
_d630409